000 01026nam1a22002531 4500
001 rc\3167561
005 20120615111628.6
035 _a(NLR Aleph) 007306200
090 _a5762023
_c5762023
100 _a20120615d1976 |||y0rusy50 ca
101 0 _arus
102 _aRU
105 _a z |||||
200 1 _aКонспект лекций по методике гидрогеологических исследований
_eЧ. 1-
_fМ-во высш. и сред. спец. образования РСФСР. Том. политехн. ин-т им. С.М. Кирова
210 _aТомск
_cБ. и.
_d1976
215 _d20
300 _aНа обл. загл.: Методика гидрологических исследований
512 0 _aМетодика гидрологических исследований
700 1 _aПлевако
_bГ. А.
_gГеннадий Алексеевич
801 0 _aRU
_bNLR
_gpsbo
801 1 _aRU
_bELAR
_2rusmarc
852 _aNLR
_j77-4/8024
942 _cBOOK
980 _aNB